Vojensko-politický slovník

Na minha lista:
Detalhes bibliográficos
Autor principal: Mikulín, Antonín
Formato: Livro
Idioma:tcheco
Publicado em: Praha Naše vojsko 1987
Edição:1. vyd.
Tags: Adicionar Tag
Sem tags, seja o primeiro a adicionar uma tag!

MARC

LEADER 00000nam a2200000 4500
001 c040751
005 20221206140444.4
041 0 |a cze 
044 |a CZ 
245 1 0 |a Vojensko-politický slovník  |c Antonín Mikulín 
250 |a 1. vyd. 
264 1 |a Praha  |b Naše vojsko  |c 1987 
300 |a 336 s. 
100 1 |a Mikulín, Antonín